000 00847nam0a22002531 4500
001 rc\4041985
005 20250611065816.0
021 _aRU
_b[54-36053]
035 _a(NLR Aleph) 008099998
090 _a9237988
_c9237988
100 _a20130415d1954 |||y0rusy50 ca
101 0 _arus
102 _aRU
105 _ay z |||||
200 1 _aФизкультурники колхоза "Узвара"
_e[Талсин. район]
_fВсесоюз. с.-х. выставка
210 _aМосква
_cФизкультура и спорт
_d1954
215 _a8 с.
_d19
606 _aФизкультурно-спортивная работа на селе
_yЛатвийская ССР
_2psbo
700 1 _aЗолт
_bЭ.К.
801 0 _aRU
_bNLR
_gpsbo
801 1 _aRU
_bELAR
_2rusmarc
852 _aNLR
_jФк02 Г-4/908
942 _cBOOK
980 _aNB